00407nam a2200133Ia 4500008004100000041000800041082001500049100002200064245011600086250000600202260004800208300000800256650000900264210716s1965 xx 000 0 und d aeng a321.8 TEMR aTemplin, Ralph T. aDemocracy and nonviolence: the role of the individual in world crisis.bRole of the individual in world crisis. a1 aBostonbPorter sargent publishers Incc1965 a334 aNone